Desať typických príkladov na vyplnenie daňového priznania dane z príjmov fyzických osôb za rok 1995 s príslušnými predpismi

Bibliographic Details
Main Authors: Faiglová, Svetlana (Author), Bieliková, Mária (Author)
Format: Book
Language:Slovak
PhysicalDescription:224 s. 20 cm
Published: Bratislava Epos 1996
ISBN:8088810310
Subjects:

MARC

LEADER 00000nam a2200000 a 4500
001 vtls001177077
003 SK-MaSNL
005 20260301112221.0
008 240315s1996 xo p r y 0 slo
015 |a SNBA1996/0601563 
020 |a 8088810310 
035 |a SNK000120075 
035 |a urn:nbn:sk:snk-amk55z 
035 |a urn:nbn:sk:snk-am004zq9 
035 |a 5028F066-58CF-4EAA-89E7-6CBF175314C2 
040 |a SNK  |b slo  |c SNK  |e AACR2 
041 0 |a slo 
044 |a xo  |c SK 
080 |a 336.215.2(035)  |2 1981 
100 1 |a Faiglová, Svetlana  |4 aut  |9 11652 
245 1 0 |a Desať typických príkladov na vyplnenie daňového priznania dane z príjmov fyzických osôb za rok 1995 s príslušnými predpismi  |c Svetlana Faiglová, Mária Bieliková 
260 |a Bratislava  |b Epos  |c 1996 
300 |a 224 s.  |c 20 cm 
650 0 7 |a daň z príjmov  |x priznanie daňové  |x príručky  |2 SNK  |9 452623 
650 0 7 |a daňové priznanie  |x príručky  |2 SNK  |9 62322 
655 7 |a príručky  |2 SNK  |9 74364 
700 1 |a Bieliková, Mária  |4 aut  |9 284622 
919 |a 80-88810-31-0 
958 |a OND 
958 |a TL 
999 |c 709786  |d 711716 
952 |t P60, <09>, [BOOK], {629}  |a SNK  |b SNK  |y NEVYP  |7 0  |o snkC 415  |i snk832/960229  |0 0  |1 0  |4 0  |d 1996-02-27  |l 0  |r 2005-01-01 00:00:00  |w 2026-02-23 
952 |t P60, <03>, [BOOK], {603}  |a SNK  |b SNK  |y PREZ  |7 0  |p 17A0000687  |o snkSC 90044  |i snkKSP 02466/96  |0 0  |1 0  |4 0  |d 1996-02-27  |f 1  |l 0  |r 2025-09-09 00:00:00  |w 2026-02-23 
952 |t P60, <04>, [BOOK], {604}  |a SNK  |b SNK  |y VYP  |7 0  |p 17A0000688  |o snkSC 90044 D1  |i snkKSP 02467/96  |0 0  |1 0  |4 0  |d 1996-02-27  |l 0  |r 2005-01-01 00:00:00  |w 2026-02-23